1637 1081 1997 1334 1763 1805 1035 1288 1537 1570 1763 1587 1861 1666 1276 1771 1728 1630 1164 1489 1742 1718 1487 1271 1554 1726 1017 1132 1876 1365 1976 1066 1989 1427 1660 1079 1209 1178 1805 1720 1291 1676 1759 1186 1607 1788 1687 1286 1549 1830 1629 1612 1707 1534 1240 1871 1701 1840 1354 1094 1576 1543 1735 1940 1542 1494 1678 1009 1896 1897 1799 1667 1312 1959 1531 1626 1935 1370 1998 1954 1078 1710 1553 1141 1263 1584 1804 1561 1756 1781 1572 1394 1576 1175 1074 1111 1576 1910 1541 BCNSPRNW ULIB Ver.6.0+V

เปลี่ยนเป็นภาษาไทย

Change to English
 แสดงรายละเอียดบรรณานุกรม
  กลับหน้าหลัก

Brief Record : Get Marc (ISO 2709) : E-mail record : QR code < ปิดหน้าต่าง
LEADER : 00000nam 2200000uu 4500
001    13399111305
003     ULIB
008    110622s||||||||th 000 0 tha d
020    9745719498 (ล.2)
020    9789745719491
050  4 BF713^bศ243จ ล.2 2549
100 0  ศรีเรือน แก้วกังวาล
245 10 จิตวิทยาพัฒนาการชีวิตทุกช่วงวัย เล่ม2/^cศรีเรือน แก้วกังวาล
250    พิมพ์ครั้งที่ 9
260    กรุงเทพฯ :^bภาควิชาจิตวิทยา คณะศิลปศาสตร์มหาวิทยาลัยธรรมศาสตร์,^c2549
300    2 เล่ม :^bภาพประกอบ ;^c27 ซม.
650  7 จิตวิทยาพัฒนาการ
710 2  มหาวิทยาลัยธรรมศาสตร์. ^bคณะศิลปศาสตร์. ^bภาควิชาจิตวิทยา
945    ^p290^l0^i020116
945    ^p290^l0^i020115
945    ^p290^l0^i020114
945    ^p290^l0^i020117
995    ทศพร
999 ^a ใช้งานได้ทุกระบบ
รายการนี้ยังไม่มีแท็ก
คุณยังไม่ได้ล็อกอิน คุณสามารถมีกิจกรรมร่วมกับเว็บไซต์ได้ แต่ต้องล็อกอินก่อน ::
  ล็อกอิน

รายการสื่อสารสนเทศ

ลำดับที่ ประเภท เลขเรียก/บาร์โค้ด สถานที่ สถานะ
1. วิทยาศาสตร์การแพทย์ และสุขภาพ
วิทยาศาสตร์การแพทย์ และสุขภาพ
BF713 ศ243จ ล.2 2549 ฉ.2 
  Barcode: 020115
ห้องสมุดวิทยาเขตสวรรค์ประชารักษ์
►ส่วนจัดเก็บหนังสือเก่า สปร
บนชั้น
  ขอยืม

รายการใกล้เคียง
    ผู้แต่ง [ศรีเรือน แก้วกังวาล]

    หัวเรื่อง [จิตวิทยาพัฒนาการ]

BibComment


ยังไม่เคยถูกคอมเมนท์

คอมเมนท์ทรัพยากรรายการนี้
  คอมเมนท์: จิตวิทยาพัฒนาการช..


 Copyright 2026. Bcnsprnw @Library